Islamic fundamentalism / (Record no. 185052)
[ view plain ]
| 000 -LEADER | |
|---|---|
| fixed length control field | 00862 a2200229 4500 |
| 003 - CONTROL NUMBER IDENTIFIER | |
| control field | NUST |
| 005 - DATE AND TIME OF LATEST TRANSACTION | |
| control field | 20221207153202.0 |
| 010 ## - LIBRARY OF CONGRESS CONTROL NUMBER | |
| LC control number | 97009808 |
| 020 ## - INTERNATIONAL STANDARD BOOK NUMBER | |
| International Standard Book Number | 1855674440 (hardback) |
| 020 ## - INTERNATIONAL STANDARD BOOK NUMBER | |
| International Standard Book Number | 1855674459 (pbk.) |
| 040 ## - CATALOGING SOURCE | |
| Transcribing agency | Nust |
| 082 00 - DEWEY DECIMAL CLASSIFICATION NUMBER | |
| Classification number | 297,CHO |
| 100 1# - MAIN ENTRY--PERSONAL NAME | |
| Personal name | Choueiri, Youssef M., |
| 9 (RLIN) | 104361 |
| 245 10 - TITLE STATEMENT | |
| Title | Islamic fundamentalism / |
| Statement of responsibility, etc. | Yousef M. Choueiri. |
| 250 ## - EDITION STATEMENT | |
| Edition statement | Rev. ed. |
| 260 ## - PUBLICATION, DISTRIBUTION, ETC. | |
| Place of publication, distribution, etc. | London ; |
| -- | Washington, D.C. : |
| Name of publisher, distributor, etc. | Pinter, |
| Date of publication, distribution, etc. | 1997. |
| 300 ## - PHYSICAL DESCRIPTION | |
| Extent | xx, 201 p. : |
| Dimensions | 24 cm. |
| 440 #0 - SERIES STATEMENT/ADDED ENTRY--TITLE | |
| Title | Themes in right-wing ideology and politics series |
| 9 (RLIN) | 104362 |
| 505 ## - FORMATTED CONTENTS NOTE | |
| Formatted contents note | Islam And Islamic Revivalism (Page-1), Islamic Reformism (Page-19), Islamic Radicalism (Page-44), The Transcendence Of Islam (Page-63), The Diagnosis (Page-91), The Doctrine And Its Methods (Page-123), Epilogue (Page-158). |
| 650 #0 - SUBJECT ADDED ENTRY--TOPICAL TERM | |
| Topical term or geographic name entry element | Islam |
| Chronological subdivision | 20th century. |
| 942 ## - ADDED ENTRY ELEMENTS (KOHA) | |
| Source of classification or shelving scheme | |
| Koha item type | Book |
| Call number prefix | 297,CHO |
| Withdrawn status | Lost status | Source of classification or shelving scheme | Damaged status | Not for loan | Collection code | Permanent Location | Current Location | Date acquired | Total Checkouts | Full call number | Barcode | Date last seen | Price effective from | Koha item type |
|---|---|---|---|---|---|---|---|---|---|---|---|---|---|---|
| Military College of Signals (MCS) | Military College of Signals (MCS) | 12/12/2016 | 297 CHO | MCS26955 | 12/08/2016 | 12/12/2016 | Book |
